Η πίστις ως βίωμα : προβλήματα της πίστεως. Tόμος ένατος, εισηγήσεις για προβλήματα της πίστεως (1957-1968) /
Saved in:
| Corporate Author: | |
|---|---|
| Format: | Book |
| Language: | Greek |
| Published: |
Αθήναι :
Εκδόσεις Συζήτησις,
2001
|
| Subjects: | |
| Tags: |
Add Tag
No Tags, Be the first to tag this record!
|
MARC
| LEADER | 00000nam a2200000 i 4500 | ||
|---|---|---|---|
| 001 | 1/11327 | ||
| 008 | 101214r2001 gre d | ||
| 035 | |l 10109371 | ||
| 040 | |a GR-MY-UA |b gre |e aacr | ||
| 041 | 0 | |a gre | |
| 082 | 0 | |a 210 |2 (22) | |
| 110 | 2 | |a Ένωσις Ελληνικός Πολιτισμός. | |
| 245 | 1 | 2 | |a Η πίστις ως βίωμα : |b προβλήματα της πίστεως. |n Tόμος ένατος, |p εισηγήσεις για προβλήματα της πίστεως (1957-1968) / |c Ένωσις Ελληνικός Πολιτισμός ; Α.Ν. Τσιριντάνης |
| 260 | |a Αθήναι : |b Εκδόσεις Συζήτησις, |c 2001 | ||
| 300 | |a 231 σ.; |c 21 εκ. | ||
| 500 | |a Ανέκδοτες εισηγήσεις από τα κατάλοιπα Αλέξανδρου Ν. Τσιριντάνη | ||
| 504 | |a Περιλαμβάνει βιβλιογραφικές παραπομπές | ||
| 650 | 0 | 0 | |a Faith. |
| 650 | 0 | 0 | |a Religion |x Philosophy. |
| 650 | 0 | 0 | |a Religion and ethics. |
| 650 | 0 | 0 | |a Religion and science. |
| 700 | 1 | |a Τσιριντάνης, Αλέξανδρος Ν. |d 1903-1977. |4 oth | |
| 740 | 0 | 2 | |a Εισηγήσεις για προβλήματα της πίστεως (1957-1968) |
| 852 | |a INST |b CHIOS |e 20101214 |h 210 ΕΝΩ |p 005200032284 |q 005200032284 |t BK |y 0 | ||
| 901 | |a BIBL2-2010-3 | ||
| 909 | |a Χ |b 148597 | ||
| 920 | |a ΕΝΩΣΙΣ ΕΛΛΗΝΙΚΟΣ ΠΟΛΙΤΙΣΜΟΣ |y ΧΙΟΣ |z 2010-01 | ||
| 970 | |a ΣΑΛΑΜΟΥΡΑ |b ΜΑΡΙΑ |z 2010/12/14 | ||